[Event "Copenhagen Chess Challenge 2019"]
[Site "Ballerup"]
[Date "2019.05.18"]
[Round "6"]
[White "Hvalsoe, Rune"]
[Black "Kreken, Eivind Grunt"]
[Result "1-0"]
[WhiteElo "2004"]
[BlackElo "1634"]
[PlyCount "99"]
[EventDate "2019.05.15"]
[EventRounds "9"]

1. e4 e5 2. Bc4 Nf6 3. d4 exd4 4. Nf3 Nc6 5. O-O Nxe4 6. Re1 d5 7. Bxd5 Qxd5 8.
Nc3 Qa5 9. Nxd4 Nxd4 10. Qxd4 Be6 11. Qxe4 O-O-O 12. Bf4 Bd6 13. a4 Qf5 14.
Bxd6 Qxe4 15. Nxe4 cxd6 16. Rad1 Kc7 17. Re3 d5 18. Rc3+ Kb8 19. Rcd3 Bf5 20.
f3 Rc8 21. Rxd5 Bxe4 22. fxe4 Rxc2 23. Rd7 Rc7 24. Kf2 Kc8 25. R7d4 Rc2+ 26.
Kf3 Re8 27. b4 Rc3+ 28. Kf4 Rc2 29. R1d2 Rxd2 30. Rxd2 Re6 31. Rd5 Kc7 32. g4
Rd6 33. Rf5 f6 34. g5 Kd8 35. gxf6 Rxf6 36. Rxf6 gxf6 37. Kf5 Ke7 38. e5 fxe5
39. Kxe5 b5 40. axb5 Kd7 41. Kf6 Kc7 42. h4 Kb6 43. h5 Kxb5 44. h6 Kxb4 45. Kg7
a5 46. Kxh7 a4 47. Kg6 a3 48. h7 Kb3 49. h8=Q Ka2 50. Qc3 1-0

[Event "Copenhagen Chess Challenge 2019"]
[Site "Ballerup"]
[Date "2019.05.18"]
[Round "6"]
[White "Joensson, Jacob"]
[Black "Nesse, David"]
[Result "1/2-1/2"]
[WhiteElo "1970"]
[BlackElo "1764"]
[PlyCount "99"]
[EventDate "2019.05.15"]
[EventRounds "9"]

1. d4 Nf6 2. c4 c5 3. d5 b5 4. Qc2 bxc4 5. e4 e6 6. dxe6 fxe6 7. Bxc4 d5 8.
exd5 exd5 9. Bb5+ Nbd7 10. Be2 Bd6 11. Nf3 O-O 12. O-O Ng4 13. h3 Nde5 14. hxg4
Nxf3+ 15. Bxf3 Rxf3 16. Qd1 Rf7 17. g5 Bb7 18. Nc3 a6 19. Ne2 Be7 20. Nf4 d4
21. g6 hxg6 22. Nxg6 Bg5 23. Qh5 Rf5 24. f4 Qd5 25. Qh8+ Kf7 26. Ne5+ Ke6 27.
Qh3 Rh8 28. Qg3 Bf6 29. Re1 Kd6 30. Nf3 d3 31. Bd2 Kc6 32. Ne5+ Bxe5 33. Rxe5
Rxe5 34. fxe5 Kb6 35. Be3 Re8 36. b4 Qxe5 37. Bxc5+ Kc6 38. Qf3+ Qd5 39. Rd1
Qxf3 40. gxf3 Rd8 41. Kf2 Kb5 42. Ke3 Kc4 43. Rc1+ Kb5 44. Rd1 Re8+ 45. Kxd3
Bxf3 46. Rg1 Rg8 47. Rg6 a5 48. Rb6+ Ka4 49. Ra6 Ra8 50. Rxa5+ 1/2-1/2

[Event "Copenhagen Chess Challenge 2019"]
[Site "Ballerup"]
[Date "2019.05.18"]
[Round "6"]
[White "Saravana, Vedant Kumar"]
[Black "Bendixen, Daniel"]
[Result "1/2-1/2"]
[WhiteElo "1845"]
[BlackElo "1957"]
[PlyCount "67"]
[EventDate "2019.05.15"]
[EventRounds "9"]

1. e4 c6 2. d4 d5 3. Nc3 dxe4 4. Nxe4 Nd7 5. Nf3 Ngf6 6. Bd3 Nxe4 7. Bxe4 Nf6
8. Bd3 Bg4 9. c3 e6 10. O-O Be7 11. Bf4 O-O 12. h3 Bh5 13. Be2 Nd5 14. Bd2 Bd6
15. Ne5 Bxe2 16. Qxe2 Ne7 17. Bf4 Ng6 18. Nxg6 hxg6 19. Bxd6 Qxd6 20. Qe5 Qxe5
21. dxe5 Rfd8 22. Rfd1 Rd5 23. Rxd5 cxd5 24. Rd1 Rc8 25. Rd4 Kf8 26. Kf1 Ke7
27. Ke2 f6 28. f4 f5 29. h4 Rc5 30. Kd3 b5 31. a3 Kd7 32. Kc2 a5 33. Kd3 Kc6
34. b4 1/2-1/2

[Event "Copenhagen Chess Challenge 2019"]
[Site "Ballerup"]
[Date "2019.05.18"]
[Round "6"]
[White "Werner, Jakob"]
[Black "Steenstrup, Svend"]
[Result "0-1"]
[WhiteElo "1686"]
[BlackElo "1936"]
[PlyCount "88"]
[EventDate "2019.05.15"]
[EventRounds "9"]

1. d4 Nf6 2. Nf3 d6 3. Nc3 g6 4. e4 Bg7 5. Bc4 c5 6. dxc5 Qa5 7. O-O Qxc5 8.
Bb3 O-O 9. Be3 Qh5 10. Bf4 Nc6 11. e5 Nxe5 12. Nxe5 dxe5 13. Qxh5 Nxh5 14. Be3
Bd7 15. Bc5 Bc6 16. Bxe7 Rfe8 17. Ba3 Nf4 18. f3 b5 19. Bc5 a5 20. a3 Ne6 21.
Be3 Nd4 22. Bxd4 exd4 23. Ne4 a4 24. Ba2 Rad8 25. Rad1 Bd5 26. Bxd5 Rxd5 27.
Rd3 f5 28. Ng3 Rc5 29. b4 Rxc2 30. Rfd1 Kf7 31. Kf1 Be5 32. Ne2 Ra2 33. f4 Bf6
34. R1d2 Rxd2 35. Rxd2 Rd8 36. Rd3 Ke6 37. Ng1 Rc8 38. Ne2 Kd5 39. Ke1 Rc2 40.
Kd1 Rb2 41. g3 Kc4 42. Rf3 Ra2 43. h4 d3 44. Nc1 Rxa3 0-1

[Event "Copenhagen Chess Challenge 2019"]
[Site "Ballerup"]
[Date "2019.05.18"]
[Round "6"]
[White "Lye, Sigurd"]
[Black "Slettebo, Jan"]
[Result "0-1"]
[WhiteElo "1574"]
[BlackElo "1920"]
[PlyCount "114"]
[EventDate "2019.05.15"]
[EventRounds "9"]

1. e4 e5 2. Nf3 Nc6 3. Bc4 Nf6 4. Ng5 d5 5. exd5 b5 6. dxc6 bxc4 7. Qe2 Bd6 8.
Qxc4 O-O 9. Ne4 Be6 10. Nxf6+ Qxf6 11. Qe2 Qg6 12. O-O Qxc2 13. Nc3 Bf5 14. Re1
Rab8 15. Ne4 Qxc6 16. Nxd6 cxd6 17. b3 Rfc8 18. Ba3 h6 19. Rac1 Qd5 20. h3 Rb6
21. Rxc8+ Bxc8 22. Qe4 Bb7 23. Qxd5 Bxd5 24. d3 f6 25. Re2 Kf7 26. Rc2 Ra6 27.
Bb4 Ke6 28. f3 Bc6 29. Kf2 Kd5 30. Ke3 f5 31. a3 Rb6 32. Rc3 Rb5 33. Rc2 a5 34.
Bd2 Rxb3 35. Rc3 Rb2 36. Rc4 Bb5 37. Rc7 f4+ 38. Ke2 Kd4 39. Kd1 Kxd3 40. Rc3+
Kd4 41. Kc1 Ra2 42. Rb3 Bc4 43. Rc3 Bd3 44. Rb3 Ra1+ 45. Kb2 Rb1+ 46. Ka2 Rd1
47. Rxd3+ Kxd3 48. Bxa5 Kc4 49. Bb4 d5 50. Kb2 e4 51. fxe4 dxe4 52. Kc2 Rg1 53.
Kd2 Rxg2+ 54. Ke1 Kd3 55. Kf1 f3 56. h4 e3 57. Ke1 Rg1# 0-1

[Event "Copenhagen Chess Challenge 2019"]
[Site "Ballerup"]
[Date "2019.05.18"]
[Round "6"]
[White "Koch Mueller, Oscar"]
[Black "Wahlgreen, Noah Krug"]
[Result "1/2-1/2"]
[WhiteElo "1919"]
[BlackElo "1721"]
[PlyCount "76"]
[EventDate "2019.05.15"]
[EventRounds "9"]

1. c4 Nf6 2. Nc3 g6 3. d4 Bg7 4. g3 d5 5. cxd5 Nxd5 6. e4 Nxc3 7. bxc3 c5 8.
Ne2 Bg4 9. Bb2 cxd4 10. cxd4 Bf3 11. Qa4+ Qd7 12. Qxd7+ Nxd7 13. Rg1 Bxe4 14.
Nc3 Bf3 15. Nb5 O-O 16. Be2 Bxe2 17. Kxe2 a6 18. Na3 Nb6 19. Rac1 Rac8 20. Kd3
Rxc1 21. Rxc1 Rc8 22. Rxc8+ Nxc8 23. Nc4 b5 24. Na5 Nb6 25. Nc6 Nd5 26. Bc1 Kf8
27. Bd2 Ke8 28. Nb8 Nc7 29. Ba5 Ne6 30. Nxa6 Bxd4 31. Nc7+ Nxc7 32. Kxd4 Na6
33. f4 Kd7 34. Kd5 e6+ 35. Ke5 Ke7 36. g4 f6+ 37. Kd4 Kd6 38. a3 f5 1/2-1/2

[Event "Copenhagen Chess Challenge 2019"]
[Site "Ballerup"]
[Date "2019.05.18"]
[Round "6"]
[White "Falkesgaard, Jeppe Hald"]
[Black "Andersen, Daniel"]
[Result "1-0"]
[WhiteElo "1878"]
[BlackElo "1862"]
[PlyCount "61"]
[EventDate "2019.05.15"]
[EventRounds "9"]

1. c4 Nf6 2. Nc3 d5 3. cxd5 Nxd5 4. g3 c5 5. Bg2 Nxc3 6. bxc3 Nc6 7. Nf3 g6 8.
O-O Bg7 9. Rb1 Qc7 10. Qc2 O-O 11. d4 cxd4 12. cxd4 Qa5 13. Bd2 Qd8 14. Bc3 Rb8
15. Rfd1 e6 16. e4 Qc7 17. Bb4 Rd8 18. d5 exd5 19. exd5 Bf5 20. Qc4 Bxb1 21.
Rxb1 Qb6 22. dxc6 bxc6 23. Rb3 Rd1+ 24. Bf1 Qc7 25. Ba5 Qd6 26. Rxb8+ Qxb8 27.
Qxc6 h5 28. Kg2 g5 29. Nxg5 Qe5 30. h4 Qxa5 31. Qe8+ 1-0

[Event "Copenhagen Chess Challenge 2019"]
[Site "Ballerup"]
[Date "2019.05.18"]
[Round "6"]
[White "Knudsen, Jan"]
[Black "Kallenbach, Uffe"]
[Result "0-1"]
[WhiteElo "1600"]
[BlackElo "1644"]
[PlyCount "78"]
[EventDate "2019.05.15"]
[EventRounds "9"]

1. e4 c5 2. Nf3 d6 3. d4 cxd4 4. Nxd4 Nf6 5. Nc3 a6 6. Be2 Nc6 7. Be3 e5 8. Nb3
Be6 9. O-O Be7 10. Qd2 d5 11. exd5 Nxd5 12. Nxd5 Bxd5 13. Rad1 Be6 14. Bf3 Qc7
15. Be4 f5 16. Bf3 O-O 17. Bc5 Rfd8 18. Qe3 Rxd1 19. Rxd1 e4 20. Be2 Rd8 21.
Bxe7 Rxd1+ 22. Bxd1 Nxe7 23. Qc5 Qd8 24. Be2 Nc6 25. h3 h6 26. Bxa6 Qd1+ 27.
Bf1 f4 28. Qc3 Qd5 29. Qd2 Qg5 30. Kh2 e3 31. Qe2 Bd5 32. fxe3 Qg3+ 33. Kg1
fxe3 34. Qg4 Qf2+ 35. Kh2 Qxf1 36. Qc8+ Kh7 37. Qg4 e2 38. Nd2 Qxg2+ 39. Qxg2
Bxg2 0-1

[Event "Copenhagen Chess Challenge 2019"]
[Site "Ballerup"]
[Date "2019.05.18"]
[Round "6"]
[White "Hentley, Darryl"]
[Black "Pihl, William"]
[Result "0-1"]
[WhiteElo "1529"]
[BlackElo "1496"]
[PlyCount "114"]
[EventDate "2019.05.15"]
[EventRounds "9"]

1. e4 e5 2. d4 exd4 3. f4 Nc6 4. Nf3 Bb4+ 5. Bd2 Bxd2+ 6. Nbxd2 Nf6 7. e5 Nd5
8. Bd3 Nxf4 9. O-O Nxd3 10. cxd3 O-O 11. Qa4 Qe7 12. Rae1 Qb4 13. Qc2 Qb5 14.
Re4 Nb4 15. Qb3 a6 16. Nxd4 Qc5 17. Kh1 Nc6 18. N4f3 d6 19. d4 Qb5 20. Rf4 Qxb3
21. Nxb3 dxe5 22. Nxe5 Nxe5 23. dxe5 Be6 24. Nc5 Bxa2 25. b4 b6 26. Ne4 Bd5 27.
Nc3 Bb7 28. h4 a5 29. bxa5 bxa5 30. Kg1 Rae8 31. Re1 Re6 32. Nb5 Rfe8 33. Rc1
Rxe5 34. Nxc7 Re1+ 35. Rxe1 Rxe1+ 36. Kf2 Re5 37. g4 g6 38. Rd4 Kg7 39. Kg3 Re4
40. Rd3 Ra4 41. g5 Ra1 42. Ne8+ Kf8 43. Nf6 Bc6 44. Nxh7+ Ke7 45. Nf6 a4 46.
Ng8+ Ke6 47. Re3+ Kd6 48. Nh6 a3 49. Nxf7+ Kc7 50. Ne5 a2 51. Rc3 Rg1+ 52. Kf2
a1=Q 53. Rxc6+ Kb7 54. Rxg6 Qe1+ 55. Kf3 Qxe5 56. Rh6 Rg3+ 57. Kf2 Qe3+ 0-1

[Event "Copenhagen Chess Challenge 2019"]
[Site "Ballerup"]
[Date "2019.05.18"]
[Round "7"]
[White "Haub, Thorsten Michael"]
[Black "Burmakin, Vladimir"]
[Result "1/2-1/2"]
[WhiteElo "2398"]
[BlackElo "2519"]
[PlyCount "60"]
[EventDate "2019.05.15"]
[EventRounds "9"]

1. Nf3 d5 2. g3 Bf5 3. Bg2 e6 4. O-O Nf6 5. c4 c6 6. b3 Be7 7. d3 h6 8. Bb2 O-O
9. Nbd2 a5 10. a3 Bh7 11. Qc2 Na6 12. Bc3 Qb6 13. Qb2 Rfd8 14. Rac1 Ne8 15.
Rfe1 Nb8 16. b4 Nd7 17. Rb1 axb4 18. axb4 Bf6 19. Ra1 Qc7 20. Bxf6 Nexf6 21.
Qc3 Rdc8 22. Bh3 Qd8 23. Rxa8 Rxa8 24. Ra1 dxc4 25. dxc4 Nb6 26. Bg2 Ne4 27.
Rxa8 Nxa8 28. Nxe4 Bxe4 29. Nd2 Bxg2 30. Kxg2 Nc7 1/2-1/2

[Event "Copenhagen Chess Challenge 2019"]
[Site "Ballerup"]
[Date "2019.05.18"]
[Round "7"]
[White "Chatalbashev, Boris"]
[Black "Hacker, Jonas"]
[Result "1-0"]
[WhiteElo "2514"]
[BlackElo "2386"]
[PlyCount "77"]
[EventDate "2019.05.15"]
[EventRounds "9"]

1. c4 e5 2. g3 Nf6 3. Bg2 d5 4. cxd5 Nxd5 5. Nf3 Nc6 6. O-O Nb6 7. d3 Be7 8. b3
e4 9. dxe4 Qxd1 10. Rxd1 Bf6 11. e5 Nxe5 12. Nd4 O-O 13. Nc3 c5 14. Ndb5 Nc6
15. Bb2 Bg4 16. f3 Bd7 17. Rab1 Nb4 18. a4 Be6 19. Nc7 Bxb3 20. Nxa8 Bxd1 21.
Nxd1 Rxa8 22. Bxf6 gxf6 23. Nc3 Rc8 24. f4 Rc7 25. Rd1 Re7 26. Ne4 Nxa4 27.
Rd8+ Kg7 28. Nd6 Rxe2 29. Nf5+ Kg6 30. Nh4+ Kg7 31. Bf3 Re6 32. Nf5+ Kg6 33.
Nh4+ Kg7 34. Nf5+ Kg6 35. g4 h5 36. Rh8 Re1+ 37. Kg2 hxg4 38. Bxg4 Re2+ 39. Kh3
1-0

[Event "Copenhagen Chess Challenge 2019"]
[Site "Ballerup"]
[Date "2019.05.18"]
[Round "7"]
[White "Kaasen, Tor Fredrik"]
[Black "Haldorsen, Benjamin"]
[Result "0-1"]
[WhiteElo "2398"]
[BlackElo "2437"]
[PlyCount "82"]
[EventDate "2019.05.15"]
[EventRounds "9"]

1. e4 c5 2. Nf3 e6 3. d4 cxd4 4. Nxd4 Nc6 5. Nc3 Qc7 6. g3 a6 7. Bg2 h5 8. O-O
h4 9. Re1 hxg3 10. hxg3 Bc5 11. Be3 Ne5 12. Qe2 Nf6 13. Nb3 Bxe3 14. Qxe3 d6
15. Qd4 Bd7 16. a4 Ke7 17. Nd2 g5 18. Nf3 Nxf3+ 19. Bxf3 e5 20. Qb4 g4 21. Bg2
Rhc8 22. Red1 Qc5 23. Qxc5 Rxc5 24. Rd2 Rac8 25. Rad1 R8c6 26. Na2 Rxc2 27. Nb4
Rxd2 28. Nxc6+ Bxc6 29. Rxd2 Nxe4 30. Rc2 f5 31. f3 gxf3 32. Bxf3 d5 33. g4 f4
34. Bxe4 dxe4 35. g5 e3 36. b4 Bxa4 37. Rc7+ Kf8 38. g6 Bc6 39. b5 axb5 40.
Rf7+ Kg8 41. Rf5 b4 0-1

[Event "Copenhagen Chess Challenge 2019"]
[Site "Ballerup"]
[Date "2019.05.18"]
[Round "7"]
[White "Ertan, Can"]
[Black "Brynell, Stellan"]
[Result "1/2-1/2"]
[WhiteElo "2391"]
[BlackElo "2406"]
[PlyCount "104"]
[EventDate "2019.05.15"]
[EventRounds "9"]

1. e4 e6 2. d4 d5 3. Nc3 Nf6 4. Bg5 dxe4 5. Nxe4 Be7 6. Bxf6 gxf6 7. Nf3 b6 8.
Bb5+ c6 9. Bd3 Bb7 10. Qd2 Qc7 11. Qh6 Nd7 12. Qg7 Rf8 13. O-O-O O-O-O 14. Rhe1
f5 15. Nc3 Bf6 16. Qxh7 c5 17. Qh6 Rh8 18. Qe3 cxd4 19. Nxd4 Bxd4 20. Qxd4 Nc5
21. Qf6 Nxd3+ 22. Rxd3 Rxd3 23. Qxh8+ Rd8 24. Qh4 Bxg2 25. Re3 f4 26. Rd3 Rxd3
27. cxd3 Qe5 28. Qg4 Bc6 29. h4 f5 30. Qg1 f3 31. h5 Qf4+ 32. Kc2 Qh4 33. Qg8+
Kb7 34. Qf7+ Ka6 35. Qxe6 Qxf2+ 36. Kb3 Kb7 37. Qf7+ Ka6 38. Qxf5 b5 39. h6 Qh4
40. h7 Kb6 41. a3 a5 42. Nd1 a4+ 43. Kc2 Qh2+ 44. Kc3 Qh6 45. Kd4 Qd6+ 46. Ke3
Qh6+ 47. Kd4 Qd6+ 48. Kc3 Qh6 49. Kc2 Qh2+ 50. Kc1 Qh6+ 51. Kb1 Qh1 52. Kc2
Qh2+ 1/2-1/2

[Event "Copenhagen Chess Challenge 2019"]
[Site "Ballerup"]
[Date "2019.05.18"]
[Round "7"]
[White "Antonsen, Mikkel"]
[Black "Vasli, Aref"]
[Result "0-1"]
[WhiteElo "2423"]
[BlackElo "2346"]
[PlyCount "55"]
[EventDate "2019.05.15"]
[EventRounds "9"]

1. d4 Nf6 2. c4 e6 3. Nc3 Bb4 4. Nf3 O-O 5. Qc2 c5 6. dxc5 Na6 7. g3 Nxc5 8.
Bg2 Nce4 9. O-O Nxc3 10. bxc3 Be7 11. e4 d6 12. e5 dxe5 13. Nxe5 Qc7 14. Qe2
Bd6 15. Re1 Rb8 16. Rb1 Nd7 17. Bf4 Nxe5 18. Bxe5 b6 19. Rbd1 Bxe5 20. Qxe5
Qxe5 21. Rxe5 Ba6 22. Rd7 Rfd8 23. Rxd8+ Rxd8 24. Bf1 Rd1 25. Re4 Kf8 26. Rd4
Ra1 27. Kg2 Bb7+ 28. f3 0-1

[Event "Copenhagen Chess Challenge 2019"]
[Site "Ballerup"]
[Date "2019.05.18"]
[Round "7"]
[White "Okhotnik, Vladimir"]
[Black "Thorsbro, Peter"]
[Result "1-0"]
[WhiteElo "2347"]
[BlackElo "2116"]
[PlyCount "79"]
[EventDate "2019.05.15"]
[EventRounds "9"]

1. e4 e5 2. Nf3 Nc6 3. Nc3 Nf6 4. a3 d6 5. d4 exd4 6. Nxd4 Be7 7. Bb5 Bd7 8.
O-O Nxd4 9. Qxd4 Bxb5 10. Nxb5 a6 11. Nc3 O-O 12. Bf4 Qd7 13. Rad1 Qc6 14. Rd3
Rfe8 15. Nd5 Nxd5 16. exd5 Qd7 17. Rg3 g6 18. Bd2 Rf8 19. Bh6 f6 20. Bxf8 Rxf8
21. Re1 f5 22. Re6 Rf7 23. Rh3 Bf8 24. Rxg6+ Bg7 25. Rgg3 f4 26. Rg5 Qe7 27.
Rxg7+ Rxg7 28. Qd1 Qe4 29. f3 Qe3+ 30. Kf1 Rg5 31. g3 Re5 32. gxf4 Qxf4 33.
Rg3+ Kf8 34. b3 b5 35. Qd3 Qf5 36. Qc3 Qf4 37. Kf2 Qc1 38. f4 Rf5 39. Qg7+ Ke8
40. Re3+ 1-0

[Event "Copenhagen Chess Challenge 2019"]
[Site "Ballerup"]
[Date "2019.05.18"]
[Round "7"]
[White "Ramsdal, Jens Albert"]
[Black "Shehzad, Shazil"]
[Result "1-0"]
[WhiteElo "2245"]
[BlackElo "2016"]
[PlyCount "91"]
[EventDate "2019.05.15"]
[EventRounds "9"]

1. Nf3 c5 2. c4 Nf6 3. Nc3 b6 4. e4 d6 5. d4 cxd4 6. Nxd4 Bb7 7. f3 e6 8. Be3
a6 9. Be2 Be7 10. O-O Qc7 11. Rc1 O-O 12. Qd2 Nbd7 13. Rfd1 Rac8 14. Bf1 Rfe8
15. Qf2 g6 16. Kh1 Bf8 17. b4 Qb8 18. Nb3 Bc6 19. h3 h6 20. Bf4 Ne5 21. c5 bxc5
22. Bxa6 Rcd8 23. bxc5 dxc5 24. Bf1 Nfd7 25. Na5 Qa8 26. Nxc6 Nxc6 27. Bc7 Nd4
28. Bxd8 Rxd8 29. Nb5 Bg7 30. Nxd4 Bxd4 31. Rxd4 cxd4 32. Qxd4 Nf8 33. Qc4 Qa7
34. Qc7 Qd4 35. a4 Rd7 36. Qc4 Qd2 37. Qc5 Nh7 38. Qc3 Qd6 39. e5 Qd5 40. a5
Rd8 41. a6 Nf8 42. Qc7 Rd7 43. Qb8 Rd8 44. a7 Qd2 45. Ra1 Qd4 46. Qxd8 1-0

[Event "Copenhagen Chess Challenge 2019"]
[Site "Ballerup"]
[Date "2019.05.18"]
[Round "7"]
[White "Heimisson, Hilmir Freyr"]
[Black "Jaksland, Tim"]
[Result "0-1"]
[WhiteElo "2311"]
[BlackElo "2213"]
[PlyCount "82"]
[EventDate "2019.05.15"]
[EventRounds "9"]

1. f4 d5 2. Nf3 g6 3. c4 c6 4. g3 Bg7 5. Bg2 Nh6 6. d3 dxc4 7. dxc4 Qxd1+ 8.
Kxd1 Na6 9. e4 Nc5 10. Nbd2 Nd3 11. Kc2 Nxc1 12. Raxc1 e5 13. c5 exf4 14. gxf4
Ng4 15. Rce1 O-O 16. h3 Nf6 17. Ne5 Nh5 18. Nd3 Bh6 19. Rhf1 Rd8 20. Rf3 Be6
21. Bf1 Rd4 22. b3 b6 23. Nb1 bxc5 24. Nxc5 Nxf4 25. Rc3 Rad8 26. h4 Bf8 27.
Ba6 Bxc5 28. Rxc5 Ng2 29. Re2 Nxh4 30. Nd2 h6 31. Bc4 Bxc4 32. Nxc4 Nf3 33. Rf2
Ne1+ 34. Kc3 Rxe4 35. Rxc6 Rd3+ 36. Kb4 Rd7 37. Rh2 Kg7 38. Kc3 Nf3 39. Rf2 Ne5
40. Rcf6 Nxc4 41. bxc4 Rc7 0-1

[Event "Copenhagen Chess Challenge 2019"]
[Site "Ballerup"]
[Date "2019.05.18"]
[Round "7"]
[White "Strange, Mikkel"]
[Black "Basak, Souhardo"]
[Result "1-0"]
[WhiteElo "2368"]
[BlackElo "2082"]
[PlyCount "99"]
[EventDate "2019.05.15"]
[EventRounds "9"]

1. e4 c5 2. c3 d6 3. d4 Nf6 4. Bd3 g6 5. Nf3 Bg7 6. O-O O-O 7. h3 Qc7 8. Qe2 a6
9. a4 b6 10. Bg5 e5 11. Nbd2 Nc6 12. dxc5 dxc5 13. Nc4 h6 14. Bh4 Nh5 15. Ne3
Nf4 16. Qc2 Be6 17. Bc4 Bxc4 18. Nxc4 Kh8 19. Rad1 f5 20. Nd6 fxe4 21. Qxe4 g5
22. Bg3 Rf6 23. Nxe5 Nxe5 24. Qxa8+ Rf8 25. Qb7 Qxb7 26. Nxb7 Nc4 27. Bxf4 Rxf4
28. Rd8+ Kh7 29. g3 Rf6 30. b3 Ne5 31. Kg2 Rf3 32. Rc1 Rf6 33. Rd6 Rf7 34. Nd8
Rf5 35. Ne6 Bh8 36. Rcd1 c4 37. bxc4 Nxc4 38. Rc6 Ne5 39. Rxb6 a5 40. Rb7+ Kg6
41. Rd8 Nf7 42. Rg8+ Kh7 43. Rf8 Kg6 44. Nd4 Bxd4 45. cxd4 Kg7 46. Rfxf7+ Rxf7
47. Rxf7+ Kxf7 48. Kf3 Ke6 49. Ke4 Kd6 50. d5 1-0

[Event "Copenhagen Chess Challenge 2019"]
[Site "Ballerup"]
[Date "2019.05.18"]
[Round "7"]
[White "Eriksson, Christian Altenburg"]
[Black "Nielsen, Viktor Haarmark"]
[Result "1/2-1/2"]
[WhiteElo "2146"]
[BlackElo "2279"]
[PlyCount "102"]
[EventDate "2019.05.15"]
[EventRounds "9"]

1. e4 e5 2. Nf3 Nc6 3. d4 exd4 4. Bc4 Bc5 5. c3 Nf6 6. e5 d5 7. Bb5 Ne4 8. cxd4
Bb6 9. Nc3 O-O 10. Be3 Bg4 11. h3 Bh5 12. Qc2 Bg6 13. Qb3 Ne7 14. O-O c6 15.
Bd3 Nd2 16. Nxd2 Bxd3 17. Rfe1 Nf5 18. Nf3 Nxe3 19. Rxe3 Bg6 20. Na4 Be4 21.
Rd1 Bxf3 22. Rxf3 f6 23. exf6 Rxf6 24. Rxf6 gxf6 25. Qg3+ Kh8 26. Nxb6 axb6 27.
Re1 Qd7 28. Re3 Re8 29. Qf4 Rf8 30. h4 Qf7 31. Qf5 Qg6 32. Qxg6 hxg6 33. Re7
Ra8 34. Rxb7 Rxa2 35. Rxb6 Ra1+ 36. Kh2 Rd1 37. Rxc6 Kg7 38. Rc7+ Kh6 39. g3
Rxd4 40. Rc2 g5 41. hxg5+ Kxg5 42. Kg2 Kg4 43. Kf1 Rb4 44. Rd2 d4 45. Ke2 Kf5
46. Kd3 Ke5 47. Re2+ Kd5 48. Kc2 Rc4+ 49. Kd1 Rb4 50. Kc2 Rc4+ 51. Kd2 Rb4
1/2-1/2

[Event "Copenhagen Chess Challenge 2019"]
[Site "Ballerup"]
[Date "2019.05.18"]
[Round "7"]
[White "Fossan, Aleksander"]
[Black "Liu, Casper Yukun"]
[Result "1/2-1/2"]
[WhiteElo "2075"]
[BlackElo "2228"]
[PlyCount "60"]
[EventDate "2019.05.15"]
[EventRounds "9"]

1. e4 g6 2. d4 Bg7 3. Nc3 d6 4. Be3 Nf6 5. f3 O-O 6. Qd2 c6 7. O-O-O Qa5 8. Kb1
Be6 9. h4 h5 10. Nge2 b5 11. Nd5 Qxd2 12. Nxe7+ Kh7 13. Bxd2 Re8 14. d5 cxd5
15. Nxd5 Bxd5 16. exd5 Nxd5 17. g4 hxg4 18. fxg4 Nd7 19. Ng3 Ne3 20. Re1 Nc4
21. Bxc4 bxc4 22. h5 Rxe1+ 23. Rxe1 Rb8 24. b3 Ne5 25. Rf1 Rb7 26. g5 d5 27. h6
Bh8 28. Kc1 Rc7 29. Ne2 Ng4 30. bxc4 dxc4 1/2-1/2

[Event "Copenhagen Chess Challenge 2019"]
[Site "Ballerup"]
[Date "2019.05.18"]
[Round "7"]
[White "Rishovd, Svein"]
[Black "Jacobsen, Mikkel Manosri"]
[Result "0-1"]
[WhiteElo "2105"]
[BlackElo "2319"]
[PlyCount "40"]
[EventDate "2019.05.15"]
[EventRounds "9"]

1. e4 c6 2. d4 d5 3. e5 Bf5 4. h4 h5 5. c4 e6 6. Nc3 Ne7 7. Nge2 dxc4 8. Ng3
Bg6 9. Bxc4 Nd7 10. Bg5 Nb6 11. Be2 Qd7 12. O-O O-O-O 13. Nge4 Nf5 14. Bxd8
Qxd8 15. Rc1 Qxh4 16. Bf3 Qd8 17. Ne2 Nh4 18. Nd6+ Bxd6 19. Bxc6 Bc7 20. Bb5
Qd5 0-1

[Event "Copenhagen Chess Challenge 2019"]
[Site "Ballerup"]
[Date "2019.05.18"]
[Round "7"]
[White "Haubro, Martin"]
[Black "Hvalsoe, Rune"]
[Result "1-0"]
[WhiteElo "2380"]
[BlackElo "2004"]
[PlyCount "51"]
[EventDate "2019.05.15"]
[EventRounds "9"]

1. e4 b6 2. d4 Bb7 3. Bd3 d5 4. e5 Ba6 5. Bxa6 Nxa6 6. c3 Qd7 7. h4 f5 8. Qe2
Nb8 9. e6 Qc8 10. Nh3 Nf6 11. Bf4 g6 12. Nd2 c5 13. Bxb8 Rxb8 14. Qb5+ Kd8 15.
Ng5 Rg8 16. O-O a6 17. Qe2 h6 18. Nf7+ Ke8 19. c4 Qc6 20. Rfe1 cxd4 21. cxd5
Qxd5 22. Qxa6 g5 23. Rac1 gxh4 24. Rc8+ Rxc8 25. Qxc8+ Qd8 26. Qxd8# 1-0

[Event "Copenhagen Chess Challenge 2019"]
[Site "Ballerup"]
[Date "2019.05.18"]
[Round "7"]
[White "Hoi, Carsten"]
[Black "Tandrup, Michael"]
[Result "1-0"]
[WhiteElo "2341"]
[BlackElo "1982"]
[PlyCount "139"]
[EventDate "2019.05.15"]
[EventRounds "9"]

1. d4 Nf6 2. c4 e6 3. Nc3 Bb4 4. e3 O-O 5. Bd3 d5 6. Nge2 c5 7. O-O cxd4 8.
exd4 dxc4 9. Bxc4 b6 10. Bg5 Bxc3 11. Nxc3 Bb7 12. Qd2 Ba6 13. Bxa6 Nxa6 14.
Rfe1 Nc7 15. Re3 Ncd5 16. Nxd5 exd5 17. Re5 Qd6 18. Bxf6 Qxf6 19. Rxd5 Rad8 20.
Rxd8 Rxd8 21. d5 Qd6 22. Rd1 h6 23. Qd4 Qc5 24. Qd3 Rd6 25. g3 h5 26. h4 Qc8
27. Kg2 Qd7 28. b3 g6 29. Qe4 Qd8 30. Qe5 Qd7 31. Rd4 Qd8 32. Rd2 Qd7 33. a4 a5
34. f4 f5 35. Kf2 Qd8 36. Kg2 Qd7 37. Kh3 Qd8 38. Rc2 Kh7 39. Rd2 Kg8 40. Kh2
Qd7 41. Kg1 Qd8 42. Kf1 Qd7 43. Ke1 Qd8 44. Kd1 Qd7 45. Kc2 Qd8 46. Kb2 Qd7 47.
Ka2 Qd8 48. Qd4 Qd7 49. Qc4 Kg7 50. Qd4+ Kg8 51. Qe5 Qd8 52. b4 axb4 53. Kb3
Qd7 54. Kxb4 Qd8 55. Qe2 Qf8 56. Kb3 Qd8 57. Qc4 Kg7 58. Rd3 Qd7 59. Qd4+ Kg8
60. Qe5 Qd8 61. Kb4 Qf8 62. Kb3 Qd8 63. Qe1 Qd7 64. Qb4 Kg7 65. Qb5 Qxb5+ 66.
axb5 Kf7 67. Kc4 Ke7 68. Kd4 Rd7 69. Ke5 Ra7 70. Rc3 1-0

[Event "Copenhagen Chess Challenge 2019"]
[Site "Ballerup"]
[Date "2019.05.18"]
[Round "7"]
[White "Lye, Sverre"]
[Black "Laustsen, Lars"]
[Result "1/2-1/2"]
[WhiteElo "1749"]
[BlackElo "2140"]
[PlyCount "61"]
[EventDate "2019.05.15"]
[EventRounds "9"]

1. e4 c5 2. Nf3 d6 3. Bb5+ Bd7 4. Bxd7+ Qxd7 5. c4 Nf6 6. Nc3 g6 7. d4 cxd4 8.
Nxd4 Bg7 9. f3 O-O 10. O-O Rc8 11. b3 d5 12. exd5 Nxd5 13. Nxd5 e6 14. Rb1 exd5
15. cxd5 Qxd5 16. Be3 Rd8 17. Nb5 Na6 18. Qxd5 Rxd5 19. a4 b6 20. Rfd1 Rxd1+
21. Rxd1 Nc5 22. b4 Nxa4 23. Nxa7 Bc3 24. Nc6 Nb2 25. Rc1 Nd3 26. Rb1 b5 27.
Na7 Re8 28. Nxb5 Rxe3 29. Nxc3 Nxb4 30. Rxb4 Rxc3 31. Kf2 1/2-1/2

[Event "Copenhagen Chess Challenge 2019"]
[Site "Ballerup"]
[Date "2019.05.18"]
[Round "7"]
[White "Moe, Mogens"]
[Black "Sidali, Elias Hulleberg"]
[Result "0-1"]
[WhiteElo "2136"]
[BlackElo "1953"]
[PlyCount "96"]
[EventDate "2019.05.15"]
[EventRounds "9"]

1. e4 c6 2. d4 d5 3. exd5 cxd5 4. c4 Nf6 5. Nc3 g6 6. Bg5 Bg7 7. Nf3 O-O 8. Rc1
Nc6 9. Bxf6 exf6 10. Nxd5 f5 11. Be2 Be6 12. Nc3 Nxd4 13. Nxd4 Qxd4 14. O-O
Qxd1 15. Rfxd1 Rad8 16. Kf1 Rxd1+ 17. Nxd1 Rd8 18. Ke1 Bh6 19. Rc2 f4 20. Bf3
b6 21. b3 Bf8 22. Be4 Bb4+ 23. Ke2 Rd4 24. f3 Rxe4+ 25. fxe4 Bg4+ 26. Kd3 Bxd1
27. Rc1 Bg4 28. Kd4 Kf8 29. Kd5 Bd7 30. Ra1 g5 31. a3 Bc3 32. Ra2 Ke7 33. Rc2
Be6+ 34. Kc6 Bd4 35. Rd2 Be3 36. Rd3 Bg4 37. b4 Be2 38. Rd7+ Kf6 39. c5 bxc5
40. bxc5 g4 41. Kd5 f3 42. gxf3 gxf3 43. c6 Bb6 44. e5+ Kg6 45. Rd6+ Kg7 46.
Rf6 f2 47. c7 Ba6 48. Kd6 Bxc7+ 0-1